Statistiques concernant Culture Générale - Série 2304

Cliquez ici pour prendre le quiz!

Statistiques générales

  • Ce quiz a été pris 106 fois
  • Le résultat moyen est 3 sur 10

Statistiques - réponses

QuestionRéponse% Correct
De quel pays est originaire le petit marsupial appelé "wombat"Australie
83%
Quel aniamal est l'épinoche ?poisson
64%
Quelle est la capitale de l'Ouganda ?Kampala
53%
De quel pays le quetzal est-il la devise officielle ?Guatemala
43%
Dans quelle ville des Bouches du Rhône se situe l'action de la série télévisée "Noces rouges" réalisée par Marwen Abdallah et diffusée sur France 3 ?Cassis
18%
Quel mot anagramme de "apartes" désigne un homme puissant et despotique ; personne riche qui mène grand train (au figuré-littéraire) ?satrape
10%
Qui a peint "Les noces de Cana" en 1563 ? prénom et nom - voir photoPaul Véronèse
7%
Que mot anagramme de "Ireland" désigne un grand chenet de cuisine, comportant un récipient et des crochets latéraux ?landier
6%
Bouteille en verre conçue pour contenir l'équivalent de douze bouteilles de 75 cl, soit neuf litres.salmanazar
5%
Dans le film "Donne-moi des ailes" réalisé en 2019 par Nicolas Vanier, qui interprète Paola (initiales MD) - prénom et nomMélanie Doutey
2%

Distribution des résultats

Percentile par nombre de réponses

% des personnes avec chaque résultat

Votre développement - résultats

Vous n’avez pas pris ce quiz